Nezamestnanosť na území Slovenskej republiky v čase pred a počas pandémie COVID-19

Príchod pandémie COVID-19 sa výrazne prejavil na zhoršujúcej sa ekonomickej situácii obyvateľstva. Opatrenia zavedené vládou mali pozitívny vplyv z pohľadu zdravia, no negatívny vplyv na ekonomiku a trh práce. Vplyv pandémie COVID-19 na nezamestnanosť na území Slovenskej republiky - porovnanie nezam...

Descrizione completa

Salvato in:
Dettagli Bibliografici
Autore principale: Barkóciová, Miroslava, 1996-
Natura: Capitolo di libro
Lingua:slovacco
Soggetti:
Tags: Aggiungi Tag
Nessun Tag, puoi essere il primo ad aggiungerne!!

MARC

LEADER 00000naa a2200000 4500
001 0283309
005 20240502074407.7
041 0 |a slo 
044 |a SK 
245 1 0 |a Nezamestnanosť na území Slovenskej republiky v čase pred a počas pandémie COVID-19  |c Miroslava Barkóciová 
520 |a Príchod pandémie COVID-19 sa výrazne prejavil na zhoršujúcej sa ekonomickej situácii obyvateľstva. Opatrenia zavedené vládou mali pozitívny vplyv z pohľadu zdravia, no negatívny vplyv na ekonomiku a trh práce. Vplyv pandémie COVID-19 na nezamestnanosť na území Slovenskej republiky - porovnanie nezamestnanosti v jednotlivých geografických oblastiach Slovenska. 
610 2 0 |a nezamestnanosť 
610 2 0 |a pomoc štátna 
610 2 0 |a trh práce 
610 2 0 |a dotácie 
610 2 0 |a koronavírus 
610 2 0 |a pandémia 
610 2 0 |a Slovensko 
100 1 |a Barkóciová, Miroslava, 1996-